| 000 | 00717nam a22002057a 4500 | ||
|---|---|---|---|
| 005 | 20111219110151.0 | ||
| 020 |
_a8181464389 _c80.00 |
||
| 020 |
_a9788181464385 _c80.00 |
||
| 037 | _bPUB | ||
| 100 |
_aNamjoshi, Suniti _942407 |
||
| 245 |
_aAditi and her friends help the Budapest Changeling / _cby Suniti Namjoshi; pictures by Shefalee Jain |
||
| 260 |
_aChennai _bTulika Publishers _c2007 |
||
| 270 |
_a13, Prithvi Avenue, Abhiramaouram _bChennai _e600 018 |
||
| 300 |
_a65p. _bill. _c23cm(pbk) |
||
| 490 |
_aAditi and her friends _942408 |
||
| 650 |
_aStories _9938 |
||
| 700 |
_a Jain, Shefalee _937044 |
||
| 942 |
_2ddc _cCH _mNAM |
||
| 999 |
_c59560 _d59560 |
||